| 000 | 00580nam a22001817a 4500 | ||
|---|---|---|---|
| 999 |
_c58071 _d58071 |
||
| 005 | 20210614141202.0 | ||
| 008 | 210608s2014 enk||||| |||| 00| 0 eng d | ||
| 020 | _a9780230285064 | ||
| 041 | _aeng | ||
| 080 | _a616.89-008.434 G-73 | ||
| 100 |
_aCummings, Louise _911970 |
||
| 245 |
_aCommunication Disorders / _cCummings Louise. |
||
| 264 |
_aNew York : _bPalgrave, _c2014. |
||
| 300 |
_a207 p. _b23 cm. |
||
| 653 | _aკომუნიკაციის დარღვევები | ||
| 653 | _aКоммуникативные расстройства | ||
| 942 |
_2udc _cBK |
||